| 000 | 00599nam a2200217 4500 | ||
|---|---|---|---|
| 001 | 148886 | ||
| 003 | ES-MaACL | ||
| 005 | 20230906202845.0 | ||
| 007 | t| | ||
| 008 | 070214s1987 sp r ||||1| spa d | ||
| 020 | _a84-01-38093-6 | ||
| 100 | 1 |
_aSueiro, Daniel. _9108725 |
|
| 245 | 1 | 0 |
_aBalada del Manzanares / _cDaniel Sueiro. |
| 250 | _a1ª. ed. | ||
| 260 |
_aBarcelona : _bPlaza & Janés, _c1987. |
||
| 300 |
_a224 p. ; _c22 cm. |
||
| 490 | 1 | _aPlaza & Janés literaria | |
| 830 | 0 |
_aPlaza & Janés literaria _9177814 |
|
| 852 |
_aES-MaACL _jG-7115 _bR.114241 |
||
| 999 |
_c148886 _d148886 |
||